Famous Movie Children II Quiz Stats

 Plays Quiz Updated Feb 20, 2019

Support Sporcle.
Go Orange.
Score 0/25 Timer 04:00
1 Play Today
Image Movie % Correct
Home Alone
97.2%
Harry Potter and the Sorcerer's Stone
90.2%
The Grinch
71.5%
The Addams Family
70.6%
The Lion, The Witch & The Wardrobe
69%
Star Wars: Episode I
68.9%
Little Miss Sunshine
68.4%
Willy Wonka & the Chocolate Factory
66.5%
A Christmas Story
64.8%
Superbad
60.7%
Big Daddy
58.1%
Free Willy
57.1%
Poltergeist
54.1%
Image Movie % Correct
Jerry Maguire
52.1%
Billy Elliot
49.3%
Terminator 2: Judgment Day
45.2%
Lord of the Flies
33.5%
Diary of a Wimpy Kid: Dog Days
31%
About a Boy
22.3%
Superman
20.1%
Winter's Bone
19.9%
Gran Torino
13.9%
Kramer vs. Kramer
13.3%
Willow
11.6%
Raising Arizona
9.5%

From the Vault

8-Letter Word Scramble II

by razorz

If the quiz doesn't go well for you, have some protein for your brain and try again.
Remove Ads.
Support Sporcle.
Get the best of Sporcle when you Go Orange. This ad-free experience offers more features, more stats, and more fun while also helping to support Sporcle. Thank you for becoming a member.

Show Comments

Extras

Top Quizzes Today


Score Distribution

Your Account Isn't Verified!

In order to create a playlist on Sporcle, you need to verify the email address you used during registration. Go to your Sporcle Settings to finish the process.

Report this User

Report this user for behavior that violates our Community Guidelines.

Details: